000 00406cam a22001337a 4500
008 180718b1984 xxu||||| |||| 00| 0 eng d
082 _aAPPPA 83-84 MIS
100 _aMisra, Kamal Kant
245 _aSickness in Indian sugar industry
_cby Kamal Kant Misra
260 _aNew Delhi
_bIndian Institute of Public Administration
_c1984
300 _a187p.
650 _aIndian sugar industry
650 _aSickness
999 _c501336
_d501336